000
00244nam a22001217a 4500
040
_c
SK
082
_a
639
100
_a
CLAUDE E.
245
_a
Water quality in ponds for aquaculture
260
_a
NA
_b
CLA
_c
1990
300
_a
482p.
942
_c
EK
999
_c
8896
_d
8896